ბათუმის შოთა რუსთაველის სახელმწიფო უნივერსიტეტის ბიბლიოთეკა

Справочник машиностроителя. В шести томах. Том V. книга II. (ბიბ.ჩანაწერი № 50548)

000 -LEADER
fixed length control field 00715nam a2200217Ia 4500
001 - CONTROL NUMBER
control field 17497
003 - CONTROL NUMBER IDENTIFIER
control field GE_BSU
008 - FIXED-LENGTH DATA ELEMENTS--GENERAL INFORMATION
fixed length control field 181216s||||||||xx |||||||||||||| ||und||
040 ## - CATALOGING SOURCE
Transcribing agency GE_BSU
080 ## - UNIVERSAL DECIMAL CLASSIFICATION NUMBER
Universal Decimal Classification number 621.01(035.5)
100 ## - MAIN ENTRY--PERSONAL NAME
Personal name Берман,Д.М. Гаврилов,А.Н. Горнев,В.Ф.
245 ## - TITLE STATEMENT
Title Справочник машиностроителя. В шести томах. Том V. книга II.
245 ## - TITLE STATEMENT
Statement of responsibility, etc. Под ред. Э.А.Сатель.
250 ## - EDITION STATEMENT
Edition statement Изд. третье, исправ. и доролн.
260 ## - PUBLICATION, DISTRIBUTION, ETC.
Place of publication, distribution, etc. М.
260 ## - PUBLICATION, DISTRIBUTION, ETC.
Name of publisher, distributor, etc. Машгиз.
260 ## - PUBLICATION, DISTRIBUTION, ETC.
Date of publication, distribution, etc. 1964.
300 ## - PHYSICAL DESCRIPTION
Extent 920 стр. 23 см.
653 ## - INDEX TERM--UNCONTROLLED
Uncontrolled term Справочник машиностроителя.
942 ## - ADDED ENTRY ELEMENTS (KOHA)
Koha item type წიგნი

არაა ხელმისაწვდომი ეგზემპლარები.